000 00679nam a22002292 4500
001 0000002484
005 20151217151855.0
008 070411s xx 000 0 eng d
020 _a1844800334 :
_cGBP 37.99
040 _aKABU
_cKABU
050 0 _aHF5635
_b.A44 2004
100 1 _aAlexander, David.
_@0000110641
245 1 0 _aFinancial reporting /
_cDavid Alexander and Anne Britton.
250 _a7th ed.
260 _aLondon :
_bThomson Learning,
_c2004.
300 _axii, 740 p.
650 0 _aFinancial statements.
_@0000151467
700 1 _aBritton, Anne.
_@0000151848
908 _a070411
950 _@1
999 _c5879
_d5879